Música y sociedad /

Zapisane w:
Opis bibliograficzny
1. autor: Siegmeister, Elie (autor)
Format: Książka
Język:hiszpański
Wydane: México : Siglo XXI, 1980, c1980
Seria:(Colección Mínima Siglo XXI ; 76)
Hasła przedmiotowe:
Etykiety: Dodaj etykietę
Nie ma etykietki, Dołącz pierwszą etykiete!

MARC

LEADER 00000nam^a2200000^a^4500
001 000192751
005 20250521000000.0
009 20260310102619.561
020 |a 968-23-1017-2 
037 |a Acervo ITESO - Biblioteca 
041 |a ESP 
082 |a 786. 13  |b SIE 
100 |a Siegmeister, Elie  |e (autor) 
245 1 0 |a Música y sociedad /  |c E. Siegmeister ; tr. por María Teresa Sánz Falcón. 
264 4 |a México :  |b Siglo XXI,  |c 1980, c1980 
300 |a XII, 107 p. 
336 |a texto  |b txt  |2 rdacontenido 
337 |a sin mediación  |b n  |2 rdamedio 
338 |a volumen  |b nc  |2 rdasoporte 
440 1 |a (Colección Mínima Siglo XXI ;  |v 76) 
500 |a Traducción de: Music and Society 
649 |a XX 
650 |a Prácticas Culturales -  |z EUA -  |x Historia -  |y Siglo XX 
650 |a Música y Sociedad -  |z EUA -  |x Tema Principal 
650 |a Jazz -  |z EUA -  |x Historia y Crítica 
650 |a Góspel -  |x Historia y Crítica 
650 |a Espirituales (Música) -  |x Historia y Crítica 
650 |a Música Norteamericana -  |y Siglo XX 
650 |a Música Norteamericana -  |x Historia y Crítica 
650 |a Sociología de la Cultura 
910 |a Fondo Armando Suárez Gómez 
920 |a Impresos - Libros 
930 |a Fondos Especiales 
905 |a 111 
901 |a 0700005446  |b IT2  |c ESP  |u 20250521 
901 |a 0700005444  |b IT2  |c ESP  |u 20250521 
902 |a https://opac.biblio.iteso.mx/vufind/Record/000192751